000 004940000a22001810004500
003 MACL
005 20150912163729.0
008 150912b xxu||||| |||| 00| 0 eng d
040 _aMACL
_cMACL
041 _aEnglish
082 _a823/CHA
100 _aChattopadhyay, Suchorita
_910546
245 _aTapestry
_bAn Anthology Of Century Indian Short Stories
260 _bDepartment Of Comparative Literature
_c2004
_aKolkata
350 _a150
650 _aFiction
_910547
942 _cBK
_k823
_2ddc
999 _c2001
_d2001